000 01429nam a2200385Ii 4500
001 DIGVERBUM1450
003 NyNyDIG
006 m o d
007 cr |||||||||||
008 250204s2020 sp o 000 e spa d
035 _a(OCoLC)1500527791
040 _aDGITA
_beng
_erda
_epn
_cDGITA
020 _z9788413374543
050 1 4 _aPR5810 ebook
100 1 _aWilde, Oscar,
_d1854-1900,
_eauthor.
245 1 3 _aEl secreto de la vida /
_cWilde Oscar ; traducción, Emeterio Fuentes.
264 1 _aLa Poveda (Arganda del Rey), Madrid :
_bEditorial Verbum,
_c[2020]
300 _a1 online resource.
336 _atext
_btxt
_2rdacontent
337 _acomputer
_bc
_2rdamedia
338 _aonline resource
_bcr
_2rdacarrier
347 _atext file
_2rdaft
347 _bPDF
490 1 _aVerbum Ensayo
588 0 _aOnline resource; title from PDF title page (Digitalia, viewed February 4, 2025)
655 7 _aEssays.
_2lcgft
700 1 _aFuentes, Emeterio,
_etranslator.
791 2 _aDigitalia (Firm),
_edistributor.
793 0 _gDigitalia eBook Collection:
_aVerbum
776 0 8 _iPrint version:
_aWilde, Oscar, 1854-1900.
_tSecreto de la vida.
_dLa Poveda (Arganda del Rey), Madrid : Editorial Verbum, [2020]
_z9788413374543
830 0 _aEnsayo (Editorial Verbum)
856 4 0 _3Digitalia Hispánica
_uhttps://www.digitaliapublishing.com/a/138717/
910 _aPremium collection: 2025
942 _cRAA
999 _c285104
_d285104